000 01270nam0a22003131 4500
001 v19\rc\1504455
005 20250618163223.0
035 _a(NLR Aleph) 004630778
090 _a3164180
_c3164180
100 _a20060620d1885 |||y0rusy50 ca
101 0 _arus
102 _aRU
105 _aa j |||||
200 1 _aТехнология металлов
_eЛекции, чит. в С.-Петерб. практ. технол. ин-те проф. Н.Ф. Лабзиным, в 1884/5 учеб. г.
210 _aСанкт-Петербург
_cлит. Ф. Кремер
_d[1885]
215 _a607 с., 20 л. черт.
_d28
309 _aНаписано от руки. Литогр.
316 _aЭкз. РНБ (132/1886): деф.: отсутствуют 20 л. черт.
_5NLR: 132/1886
700 1 _7ca
_8rus
_aЛабзин
_bН. Ф.
_cгос. служащий, специалист по технологии металлов
_f1837-1927
_gНиколай Филиппович
_9197843
_3RU\NLR\AUTH\770197894
801 0 _aRU
_bNLR
_gpsbo
801 0 _aRU
_bRuMoRGB
_2psbo
801 1 _aRU
_bProSoft-M
_2rusmarc
852 _aNLR
_j18.168.1.23
852 _aNLR
_j132/1886
899 _aRuMoRGB
_jU 229/411
899 _aБАН
942 _cBOOK
980 _aNB